000 00605nam a2200229Ia 4500
003 OSt
005 20220918211150.0
006 a|||||r|||| 00| 0
007 ta
008 220917b |||||||| |||| 00| 0 eng d
024 _a123,502
037 _cTextual
040 _aARTS
_cARTS
_beng
041 _2eng
_aeng
082 _aZA:5y7595, K2
100 _aDatner Szymon
_9120140
245 0 _aWar crimes in Poland
_b genocide 1939-45 edited Jan Jatbrzykowski
260 _c1962
650 _aLAW
_97240
942 _hZA:5y7595, K2
_cTEXL
_2CC
999 _c246691
_d246691